Aids 2000 : riflessioni tra passato e futuro /

Gespeichert in:
Bibliographische Detailangaben
Weitere Verfasser: Campana, Luisa
Format: Buch
Sprache:Italienisch
Veröffentlicht: Cesena : Ponte Vecchio, 2001
Schriftenreihe:Convivium
Tags: Tag hinzufügen
Keine Tags, Fügen Sie das erste Tag hinzu!

MARC

LEADER 00000nam a22000007i 4500
001 IT\ICCU\UBO\2370894
003 ItRI
005 20260115231941.0
008 040423s2001 it |||||| ||||| |||||c
020 |a 888312183X 
040 |b ita  |c importazione bologna sebina 
041 7 |a ita  |2 ISO-639-2 
245 0 0 |a Aids 2000 :  |b riflessioni tra passato e futuro /  |c a cura di Luisa Campana. 
260 |a Cesena :  |b Ponte Vecchio,  |c 2001 
300 |a 203 p. :  |b ill. ;  |c 24 cm 
500 |a In testa al front.: ASA 65 Associazione Solidarietà Aids 65. 
700 1 |a Campana, Luisa  |0 IT\ICCU\RAVV\106670 
830 0 |a Convivium  |0 IT\ICCU\RAV\0234400 
942 |2 ddc  |c BK  |n 0 
952 |0 0  |1 0  |4 0  |6 A_616_979000000000000_CAM  |7 0  |9 17629  |a BO  |b BO  |d 2026-01-15  |i 14945  |l 0  |o A 616.979 CAM  |p BO14945  |r 2026-01-15 23:19:41  |w 2026-01-15  |x [Sebina 5] [1 v.]  |y BK  |z 1 v. 
999 |c 15019  |d 15019